Countries Ending in 'S' Quiz Stats

 Plays Quiz Updated Jul 16, 2016

Challenge
Share
Tweet
Embed
Score 0/17 Timer 03:00
18 Plays Today
Continent Countries % Correct
AsiaLaos
73.4%
North AmericaBahamas
70.2%
OceaniaMarshall Islands
67%
North AmericaHonduras
66.3%
North AmericaSt. Kitts and Nevis
66.2%
EuropeBelarus
65.7%
AfricaSeychelles
63.9%
OceaniaSolomon Islands
63.1%
North AmericaBarbados
62.8%
Continent Countries % Correct
AfricaComoros
61.6%
AsiaPhilippines
61.5%
EuropeCyprus
59.4%
North AmericaSt. Vincent and the Grenadines
59.2%
EuropeNetherlands
58.6%
AsiaMaldives
57.1%
AfricaMauritius
54.2%
AsiaUnited Arab Emirates
45.8%

You're not logged in!

Compare scores with friends on all Sporcle quizzes.
OR
Log In

You Might Also Like...

Show Comments

Extras

Top Quizzes Today


Score Distribution

Your Account Isn't Verified!

In order to create a playlist on Sporcle, you need to verify the email address you used during registration. Go to your Sporcle Settings to finish the process.

Report this User

Report this user for behavior that violates our Community Guidelines.

Details: